01623nam a2200277Ia 4500952011100000952011500111999001700226008004100243020001800284050002200302082002500324100003300349245009600382250001800478260005100496300003500547500005100582500022700633504003900860505022500899519010101124650003601225650003701261650004001298942000701338 00104070a12b12d2009-08-07l5oNA690 C8718 2006p12 001658r2017-02-22s2017-02-22t1w2012-11-01yLB 00102lcc4070a20b20d2018-07-12l2oNA690 C8718 2006p20 000616r2019-10-02s2019-10-02t1w2018-07-12yLB c88580d88580121101s9999 xx 000 0 und d a9780714898506 aNA690bC8718 2006 a724 C699I 1986 r2006 aCurtis, William J. R.eautor aLa arquitectura modernab : Desde 1900c / William J. R. Curtis ; traduccion de Jorge Sainz a3a. edición aReino Unidob : Phaidon Press Limitedc , 2006 a736 páginasb ; il. : 25 cm. aTraduccion de: Modern architecture since 1900. aIncluye: índice de contenido Prefacio a la primera edición Prefacio a la tercera edición Introducción Libros que se mencionan de forma abreviada en las notas Notas Índice alfabético Créditos de las imágenes aNota bibliográfica (pp. 690-692) aLas corrientes formativas de la arquitectura moderna La cristalización de la arquitectura moderna en el periodo entreguerras Transformación y difusión después de 1940 Continuidad y cambio en el final del siglo xx aPlan Flexible / bArquitectura / cArquitectura en México, siglo XIX-XX (B10 ) / d(20 000616) 0aARQUITECTURAxASPECTOS SOCIALES 0aARQUITECTURAxMOVIMIENTO MODERNO 0aCORRIENTES ARQUITECTÓNICASy1900- cLB